000 00294nam a22001337a 4500
008 181020b xxu||||| |||| 00| 0 eng d
020 _a9780071432030
041 _aeng
080 _a617
100 _a6
101 _aSHK
245 _aThe Wound Management Manual
_cLee, B.Y
942 _2udc
_cBK
999 _c50320
_d50320